ՀՀ Գիտությունների ազգային ակադեմիայի հիմնարար գիտական գրադարան  =   Fundamental Scientific Library of NAS RA

Աղձնիքահայերի մանկան ծննդի և խնամքի ավանդական սովորույթներն ու ծեսերը : (Record no. 292518)

MARC details
000 -LEADER
fixed length control field 01245nam a2200265 u 4500
001 - CONTROL NUMBER
control field 000805075
003 - CONTROL NUMBER IDENTIFIER
control field AM-YeHGA
005 - DATE AND TIME OF LATEST TRANSACTION
control field 20250618073921.0
008 - FIXED-LENGTH DATA ELEMENTS--GENERAL INFORMATION
fixed length control field 110421s2011 ai | |||||||||||||arm|d
020 ## - INTERNATIONAL STANDARD BOOK NUMBER
International Standard Book Number 9785808413832
040 ## - CATALOGING SOURCE
Original cataloging agency AM-YeHGA
041 0# - LANGUAGE CODE
Language code of text/sound track or separate title arm
090 ## - LOCALLY ASSIGNED LC-TYPE CALL NUMBER (OCLC); LOCAL CALL NUMBER (RLIN)
-- 294202
100 1# - MAIN ENTRY--PERSONAL NAME
Personal name Նահապետյան, Ռաֆիկ Ասքանազի,
Dates associated with a name 1943-
9 (RLIN) 4125
245 10 - TITLE STATEMENT
Title Աղձնիքահայերի մանկան ծննդի և խնամքի ավանդական սովորույթներն ու ծեսերը :
Remainder of title [Պատմաազգագրական ուսումնասիրութ.] /
Statement of responsibility, etc. Ռ. Ա.Նահապետյան; ԵՊՀ.
260 ## - PUBLICATION, DISTRIBUTION, ETC.
Place of publication, distribution, etc. Երևան :
Name of publisher, distributor, etc. ԵՊՀ հրատ,
Date of publication, distribution, etc. 2011.
300 ## - PHYSICAL DESCRIPTION
Extent 214 էջ :
Other physical details դիմանկ. ;
Dimensions 21 սմ.
440 #0 - SERIES STATEMENT/ADDED ENTRY--TITLE
Title Արևմտահայերի էթնոմշակութային բնութագիրը
Volume/sequential designation թիւ 3
504 ## - BIBLIOGRAPHY, ETC. NOTE
Bibliography, etc. note Մատենագիտ. տողատ. ծանոթ. և էջ՝ 206-213 հայ. և ռուս.
504 ## - BIBLIOGRAPHY, ETC. NOTE
Bibliography, etc. note Հավելված էջ՝ 191-205
520 3# - SUMMARY, ETC.
Summary, etc. Ամփոփում՝ ռուս. և անգլ. լեզ.
650 14 - SUBJECT ADDED ENTRY--TOPICAL TERM
Topical term or geographic name entry element Ազգագրություն
9 (RLIN) 5627
650 14 - SUBJECT ADDED ENTRY--TOPICAL TERM
Topical term or geographic name entry element Հայ ժողովրդի պատմական ծեսեր, սովորույթներ
710 2# - ADDED ENTRY--CORPORATE NAME
Corporate name or jurisdiction name as entry element Երևանի պետական համալսարան
Holdings
Withdrawn status Lost status Damaged status Not for loan Collection Home library Current library Date acquired Cost, normal purchase price Shelving control number Total checkouts Full call number Barcode Date last seen Price effective from Koha item type Public note
        General Fundamental Scientific Library Fundamental Scientific Library 29/12/2016 2000.00     AII/97017 FL0187658 29/12/2016 29/12/2016 Գրքեր / Books 30 Days Loan


ՀՀ ԳԱԱ հիմնարար գիտական գրադարան
ՀՀ,Երևան 0019
Մարշալ Բաղրամյան 24/6
հեռախոս:(374-10) 52-47-50
Հետադարձ կապ

All site content, except where otherwise noted, is licensed under a
Creative Commons License